[Event "Hessenliga 9900"]
[Site "Hessen"]
[Date "1999.09.26"]
[Round "1.3"]
[White "Giesen, Dieter"]
[Black "Reus, Rudolf"]
[Result "1/2-1/2"]
[WhiteElo "2215"]
[BlackElo "2239"]
[PlyCount "79"]
[EventDate "1999.09.26"]
[EventType "team-tourn"]
[EventRounds "11"]
[EventCountry "GER"]
[SourceTitle "EXT 2002"]
[Source "ChessBase"]
[SourceDate "2001.11.25"]
[SourceVersion "1"]
[SourceVersionDate "2001.11.25"]
[SourceQuality "1"]

1. e4 c5 2. Nf3 d6 3. d4 cxd4 4. Nxd4 Nf6 5. Nc3 Nc6 6. Bb5 Bd7 7. 0-0 g6 8. Nxc6 bxc6 9. Bc4 Bg7 10. Bg5 0-0 11. Qd3 a5 12. a4 Rb8 13. Bb3 Bc8 14. Rad1 Nd7 15. Be3 Ne5 16. Qe2 c5 17. Bxc5 Be6 18. Bxe6 fxe6 19. Nb5 Qc8 20. Bd4 Qc6 21. f4 Qc4 22. Qxc4 Nxc4 23. b3 Bxd4+ 24. Rxd4 Ne3 25. Rf2 e5 26. fxe5 Rxf2 27. Kxf2 Ng4+ 28. Kg3 Nxe5 29. Rd5 Rf8 30. Nd4 Nd7 31. Rxa5 Nc5 32. h3 Nxe4+ 33. Kh2 e5 34. Nf3 Nc3 35. Ra7 e4 36. Nd4 Rf2 37. Kg3 Rd2 38. Nb5 Rxc2 39. Nxc3 Rxc3+ 40. Kf4 1/2-1/2